<?xml version="1.0" encoding="UTF-8"?>
<record
    xmlns:xsi="http://www.w3.org/2001/XMLSchema-instance"
    xsi:schemaLocation="http://www.loc.gov/MARC21/slim http://www.loc.gov/standards/marcxml/schema/MARC21slim.xsd"
    xmlns="http://www.loc.gov/MARC21/slim">

  <leader>02333cam a2200337 i 4500</leader>
  <controlfield tag="003">Ost</controlfield>
  <controlfield tag="005">20250410071743.0</controlfield>
  <controlfield tag="008">250409s2003    ts     g     f000 0 ara c</controlfield>
  <datafield tag="024" ind1="0" ind2=" ">
    <subfield code="a">00000000983173</subfield>
  </datafield>
  <datafield tag="040" ind1=" " ind2=" ">
    <subfield code="a">SA-JeALM</subfield>
    <subfield code="b">ara</subfield>
    <subfield code="c">SA-RiAUC</subfield>
    <subfield code="e">rda</subfield>
  </datafield>
  <datafield tag="050" ind1=" " ind2="4">
    <subfield code="b">.S55 2003</subfield>
  </datafield>
  <datafield tag="082" ind1="0" ind2="4">
    <subfield code="a">213</subfield>
    <subfield code="q">SA-RiAUC</subfield>
  </datafield>
  <datafield tag="090" ind1=" " ind2=" ">
    <subfield code="a">213  </subfield>
    <subfield code="b"> &#x634; &#x646; &#x642;</subfield>
  </datafield>
  <datafield tag="100" ind1="1" ind2=" ">
    <subfield code="a">&#x627;&#x644;&#x634;&#x646;&#x642;&#x64A;&#x637;&#x64A;&#x60C; &#x639;&#x628;&#x62F; &#x627;&#x644;&#x644;&#x647; &#x627;&#x644;&#x633;&#x627;&#x644;&#x645; &#x628;&#x646; &#x627;&#x644;&#x645;&#x639;&#x644;&#x64A; &#x627;&#x644;&#x62D;&#x633;&#x646;&#x64A;&#x60C;</subfield>
    <subfield code="d">1955-</subfield>
    <subfield code="e">&#x645;&#x624;&#x644;&#x641;.</subfield>
  </datafield>
  <datafield tag="245" ind1="1" ind2="0">
    <subfield code="a">&#x62D;&#x648;&#x627;&#x631; &#x645;&#x639; &#x627;&#x644;&#x645;&#x631;&#x64A;&#x636; /</subfield>
    <subfield code="c">&#x627;&#x644;&#x645;&#x624;&#x644;&#x641; &#x627;&#x644;&#x634;&#x64A;&#x62E; &#x639;&#x628;&#x62F; &#x627;&#x644;&#x644;&#x647; &#x627;&#x644;&#x633;&#x627;&#x644;&#x645; &#x627;&#x644;&#x645;&#x639;&#x644;&#x64A;.</subfield>
  </datafield>
  <datafield tag="250" ind1=" " ind2=" ">
    <subfield code="a">&#x627;&#x644;&#x637;&#x628;&#x639;&#x629; &#x627;&#x644;&#x623;&#x648;&#x644;&#x649;</subfield>
  </datafield>
  <datafield tag="264" ind1=" " ind2="1">
    <subfield code="a">&#x62F;&#x628;&#x64A;&#x60C; &#x627;&#x644;&#x625;&#x645;&#x627;&#x631;&#x627;&#x62A; &#x627;&#x644;&#x639;&#x631;&#x628;&#x64A;&#x629; &#x627;&#x644;&#x645;&#x62A;&#x62D;&#x62F;&#x629; :</subfield>
    <subfield code="b">&#x62F;&#x627;&#x626;&#x631;&#x629; &#x627;&#x644;&#x634;&#x624;&#x648;&#x646; &#x627;&#x644;&#x625;&#x633;&#x644;&#x627;&#x645;&#x64A;&#x629; &#x648;&#x627;&#x644;&#x639;&#x645;&#x644; &#x627;&#x644;&#x62E;&#x64A;&#x631;&#x64A;&#x60C;</subfield>
    <subfield code="c">2003.</subfield>
  </datafield>
  <datafield tag="264" ind1=" " ind2="3">
    <subfield code="a">&#x62F;&#x628;&#x64A;&#x60C; &#x627;&#x644;&#x625;&#x645;&#x627;&#x631;&#x627;&#x62A; &#x627;&#x644;&#x639;&#x631;&#x628;&#x64A;&#x629; &#x627;&#x644;&#x645;&#x62A;&#x62D;&#x62F;&#x629; :</subfield>
    <subfield code="b">&#x645;&#x637;&#x627;&#x628;&#x639; &#x627;&#x644;&#x628;&#x64A;&#x627;&#x646; &#x627;&#x644;&#x62A;&#x62C;&#x627;&#x631;&#x64A;&#x629;</subfield>
  </datafield>
  <datafield tag="300" ind1=" " ind2=" ">
    <subfield code="a">350 &#x635;&#x641;&#x62D;&#x629; &#x61B;</subfield>
    <subfield code="c">21 &#xD7; 14 &#x633;&#x645;</subfield>
  </datafield>
  <datafield tag="336" ind1=" " ind2=" ">
    <subfield code="a">&#x646;&#x635;</subfield>
    <subfield code="b">txt</subfield>
    <subfield code="2">rdacontent</subfield>
    <subfield code="3">&#x643;&#x62A;&#x627;&#x628;</subfield>
  </datafield>
  <datafield tag="337" ind1=" " ind2=" ">
    <subfield code="a">&#x628;&#x62F;&#x648;&#x646; &#x648;&#x633;&#x64A;&#x637;</subfield>
    <subfield code="b">n</subfield>
    <subfield code="2">rdamedia</subfield>
  </datafield>
  <datafield tag="338" ind1=" " ind2=" ">
    <subfield code="a">&#x645;&#x62C;&#x644;&#x62F;</subfield>
    <subfield code="b">nc</subfield>
    <subfield code="2">rdacarrier</subfield>
  </datafield>
  <datafield tag="504" ind1=" " ind2=" ">
    <subfield code="a">&#x64A;&#x634;&#x62A;&#x645;&#x644; &#x639;&#x644;&#x649; &#x625;&#x631;&#x62C;&#x627;&#x639;&#x627;&#x62A; &#x628;&#x628;&#x644;&#x64A;&#x648;&#x62C;&#x631;&#x641;&#x64A;&#x629;.</subfield>
  </datafield>
  <datafield tag="505" ind1="0" ind2=" ">
    <subfield code="a"> &#x627;&#x644;&#x645;&#x62D;&#x62A;&#x648;&#x64A;&#x627;&#x62A;:-&#x627;&#x644;&#x645;&#x642;&#x62F;&#x645;&#x629;-&#x623;&#x642;&#x633;&#x627;&#x645; &#x62D;&#x627;&#x644;&#x627;&#x62A; &#x62C;&#x633;&#x645; &#x627;&#x644;&#x625;&#x646;&#x633;&#x627;&#x646;-&#x62A;&#x645;&#x647;&#x64A;&#x62F; &#x641;&#x64A; &#x627;&#x644;&#x627;&#x628;&#x62A;&#x644;&#x627;&#x621;-&#x644;&#x645;&#x627;&#x630;&#x627; &#x627;&#x644;&#x627;&#x628;&#x62A;&#x644;&#x627;&#x621; &#x61F;-&#x627;&#x644;&#x62D;&#x643;&#x645;&#x629; &#x627;&#x644;&#x628;&#x627;&#x644;&#x63A;&#x629;-&#x627;&#x644;&#x641;&#x635;&#x644; &#x627;&#x644;&#x623;&#x648;&#x644;: "&#x641;&#x636;&#x627;&#x626;&#x644; &#x627;&#x644;&#x645;&#x631;&#x636; &#x648;&#x641;&#x648;&#x627;&#x626;&#x62F;&#x647;"&#x60C; &#x627;&#x644;&#x645;&#x628;&#x62D;&#x62B; &#x627;&#x644;&#x623;&#x648;&#x644;: &#x627;&#x644;&#x645;&#x631;&#x636; &#x628;&#x64A;&#x646; &#x627;&#x644;&#x62B;&#x648;&#x627;&#x628; &#x648;&#x627;&#x644;&#x62A;&#x643;&#x641;&#x64A;&#x631;&#x60C; &#x627;&#x644;&#x645;&#x637;&#x644;&#x628; &#x627;&#x644;&#x623;&#x648;&#x644;: &#x62D;&#x635;&#x648;&#x644; &#x627;&#x644;&#x62B;&#x648;&#x627;&#x628; &#x628;&#x645;&#x62C;&#x631;&#x62F; &#x627;&#x644;&#x645;&#x631;&#x636;&#x60C; &#x627;&#x644;&#x645;&#x628;&#x62D;&#x62B; &#x627;&#x644;&#x62B;&#x627;&#x646;&#x64A;: &#x627;&#x644;&#x645;&#x631;&#x636; &#x628;&#x64A;&#x646; &#x627;&#x644;&#x62C;&#x632;&#x627;&#x621; &#x648;&#x627;&#x644;&#x643;&#x641;&#x627;&#x631;&#x629;&#x60C; &#x627;&#x644;&#x645;&#x637;&#x644;&#x628; &#x627;&#x644;&#x623;&#x648;&#x644;: &#x627;&#x644;&#x645;&#x631;&#x636; &#x639;&#x642;&#x648;&#x628;&#x629; &#x648;&#x62C;&#x632;&#x627;&#x621;&#x60C; &#x627;&#x644;&#x645;&#x628;&#x62D;&#x62B; &#x627;&#x644;&#x62B;&#x627;&#x644;&#x62B;: &#x641;&#x648;&#x627;&#x626;&#x62F; &#x627;&#x644;&#x645;&#x631;&#x636;&#x60C; &#x627;&#x644;&#x645;&#x637;&#x644;&#x628; &#x627;&#x644;&#x623;&#x648;&#x644;: &#x627;&#x644;&#x645;&#x631;&#x636; &#x633;&#x628;&#x628; &#x641;&#x64A; &#x627;&#x644;&#x62A;&#x648;&#x627;&#x636;&#x639;-&#x627;&#x644;&#x641;&#x635;&#x644; &#x627;&#x644;&#x62B;&#x627;&#x646;&#x64A;: &#x627;&#x644;&#x635;&#x628;&#x631;&#x60C; &#x627;&#x644;&#x645;&#x628;&#x62D;&#x62B; &#x627;&#x644;&#x623;&#x648;&#x644;: &#x627;&#x644;&#x635;&#x628;&#x631; &#x62D;&#x642;&#x64A;&#x642;&#x62A;&#x647; &#x648;&#x645;&#x646;&#x627;&#x633;&#x628;&#x62A;&#x647;&#x60C; &#x627;&#x644;&#x645;&#x637;&#x644;&#x628; &#x627;&#x644;&#x623;&#x648;&#x644;: &#x62D;&#x642;&#x64A;&#x642;&#x629; &#x627;&#x644;&#x635;&#x628;&#x631;&#x60C; ... &#x648;&#x645;&#x648;&#x636;&#x648;&#x639;&#x627;&#x62A; &#x623;&#x62E;&#x631;&#x649;. </subfield>
  </datafield>
  <datafield tag="650" ind1=" " ind2="7">
    <subfield code="a">&#x627;&#x644;&#x623;&#x645;&#x631;&#x627;&#x636; (&#x641;&#x642;&#x647; &#x625;&#x633;&#x644;&#x627;&#x645;&#x64A;)</subfield>
    <subfield code="2">aucsh</subfield>
  </datafield>
  <datafield tag="650" ind1=" " ind2="7">
    <subfield code="a">&#x627;&#x644;&#x627;&#x628;&#x62A;&#x644;&#x627;&#x621; (&#x625;&#x633;&#x644;&#x627;&#x645;)</subfield>
    <subfield code="2">aucsh</subfield>
  </datafield>
  <datafield tag="650" ind1=" " ind2="7">
    <subfield code="a">&#x627;&#x644;&#x635;&#x628;&#x631; (&#x623;&#x62E;&#x644;&#x627;&#x642; &#x625;&#x633;&#x644;&#x627;&#x645;&#x64A;&#x629;)</subfield>
    <subfield code="2">aucsh</subfield>
  </datafield>
  <datafield tag="942" ind1=" " ind2=" ">
    <subfield code="2">ddc</subfield>
    <subfield code="c">BOOK</subfield>
    <subfield code="n">0</subfield>
  </datafield>
  <datafield tag="949" ind1=" " ind2=" ">
    <subfield code="a">SA-JeALM</subfield>
    <subfield code="d">250409</subfield>
    <subfield code="u">mohamedma123</subfield>
    <subfield code="n">1</subfield>
  </datafield>
  <datafield tag="952" ind1=" " ind2=" ">
    <subfield code="0">0</subfield>
    <subfield code="1">0</subfield>
    <subfield code="2">ddc</subfield>
    <subfield code="4">0</subfield>
    <subfield code="7">0</subfield>
    <subfield code="a">WAHAB</subfield>
    <subfield code="b">WAHAB</subfield>
    <subfield code="d">2025-04-10</subfield>
    <subfield code="l">0</subfield>
    <subfield code="o">213  &#x634; &#x646; &#x642;</subfield>
    <subfield code="p">000011999</subfield>
    <subfield code="r">2025-04-10 07:17:59</subfield>
    <subfield code="w">2025-04-10</subfield>
    <subfield code="y">BOOK</subfield>
  </datafield>
  <datafield tag="999" ind1=" " ind2=" ">
    <subfield code="c">6832</subfield>
    <subfield code="d">6832</subfield>
  </datafield>
</record>
